| 000 | 01437nam a2200229Ia 4500 | ||
|---|---|---|---|
| 003 | Ost | ||
| 005 | 20260507075259.0 | ||
| 008 | 260507s9999||||xx |||||||||||||| ||und|| | ||
| 020 | _a33336599619 | ||
| 040 | _cfsecg | ||
| 041 | _aara | ||
| 082 | _a330 | ||
| 100 |
_aالموسوي، ضياء مجيد _eمؤلف |
||
| 245 | 0 |
_aإقتصاد السوق و العولمة البديلة / _c ضياء مجيد الموسوي |
|
| 260 |
_aالجزائر: _bدار هومه, _c2009 |
||
| 300 |
_a253 صفحة؛ _c23 سم |
||
| 520 | _a1)قواعد اقتصاد السوق البديلة : تدخل الدولة في النشاط الاقتصادي ، مبدأ الحرية و تدخل الدولة في النشاط الاقتصادي ، السوق في الاسلام و المنافسة غير المشروعة و المعاملات الممنوعة في السوق ، تحديد الاسعار و مراقبة الاسواق ، الاحتكار 2) العولمة البديلة : الأمة الاسلامية و عالمية الدعوة الاسلامية ، الحرب في الاسلام و التطور الفكري في العالم الاسلامي و حوار الحضارات ، ولادة الاسلام في الغرب المعاصر و أخيرا الاسلام و عولمة الليبرالية. | ||
| 653 | _aإقتصاد السوق | ||
| 653 | _aالاقتصاد | ||
| 653 | _aالعولمة | ||
| 942 | _cكتاب | ||
| 999 |
_c43780 _d43780 |
||